000 00444nam a2200157Ia 4500
008 240729s9999 xx 000 0 und d
022 _a2476-907X
245 0 _aComTech
260 _aIndonesia
260 _bBina Nusantara University
650 _a Engineering (General). Civil engineering (General) | Science
650 _aTechnology
856 _uhttps://doaj.org/toc/f020c4520a84416885fb64c2b07e9a92
942 _2ddc
942 _cDOAJEJ
999 _c68505
_d68505
945 _a1
_bMadushi Gamage
_c1
_dMadushi Gamage